| 000 | 00652cab a2200253 4500 | ||
|---|---|---|---|
| 001 | X1570 | ||
| 008 | 090401t1994 xxu||||| |||| 00| 0 eng d | ||
| 035 | _a(Sirsi) u17794 | ||
| 041 | _aeng | ||
| 100 | _aBaird, A. | ||
| 245 | 4 | _aThe taxation of arable area aid payments | |
| 260 | _c1994 | ||
| 350 | _a0 | ||
| 490 |
_aCountry Landowner _vMarch 1994, 8, 21(2) |
||
| 520 | _aGuidance on the tax treatment of arable area aid payments. | ||
| 650 | _aARABLE AREA AID PAYMENTS | ||
| 650 | _aCAP REFORM | ||
| 650 | _aSET-ASIDE | ||
| 650 | _aTAX ISSUES | ||
| 690 | _aRURAL PRACTICE | ||
| 690 | _aTAXATION | ||
| 942 | _n0 | ||
| 948 | _c04/03/1997 | ||
| 999 |
_c11802 _d11802 |
||